Zhodnotenie stavu externého prostredia podniku bakalárska práca

Gespeichert in:
Bibliographische Detailangaben
1. Verfasser: Jankaj, Adam
Körperschaft: Podnikovohospodárska fakulta EU so sídlom v Košiciach. Katedra manažmentu
Weitere Verfasser: Hurný, František
Format: Buch
Sprache:Slowakisch
Veröffentlicht: Košice 2018
Tags: Tag hinzufügen
Keine Tags, Fügen Sie das erste Tag hinzu!

MARC

LEADER 00000nbm a2200000 4500
001 0247216
005 20181024123225.3
041 0 |a slo 
044 |a SK 
245 1 0 |a Zhodnotenie stavu externého prostredia podniku  |b bakalárska práca  |c Adam Jankaj ; školiteľ: František Hurný 
264 1 |a Košice  |c 2018 
300 |a 63 s. 
100 1 |a Jankaj, Adam 
700 1 |a Hurný, František 
710 2 |a Podnikovohospodárska fakulta EU so sídlom v Košiciach. Katedra manažmentu